00819nam a22002177a 450000500170000000800410001702000180005804000270007604100080010304400070011108200170011810000370013511000380017224501150021026001400032530000510046565000160051665000210053265000260055365000220057920200317174019.0200317b ||||| |||| 00| 0 spa d a9789587836974 aCO-BoIAVH cCO-BoIAVH  aspa ack a636.21bG51p aGiraldo Valderrama, Luis Alfonso aUniversidad Nacional de Colombia. aPotencial del silvopastoreo para la intensificación productiva y la sostenibilidad ambiental de la ganaderia aColombia:bUniversidad Nacional de Colombia, Departamento de Producción Animal, Facultad de Ciencias agrarias, sede Medellínc2019. a80 páginasbfotografías, tablasc24 x 16cm 0aGanadería aAgroforestería aDesarrollo Sostenible aImpacto ambiental